=LDR 00000nam 2200000 4500 =001 INLIS000000000015181 =005 20200709094030 =035 ##$$a 0010-061300000015181 =008 200709################g##########0#ind## =041 ##$$a Ind =082 ##$$a 2x6.2 =090 ##$$a 2x6.2, HUW-d =100 ##$$a Huwaydi, Fahmi =245 1#$$a Demokrasi oposisi dan masyarakat madani : $b Isu-isu politik Islam /$c Fahmi Huwaydi; penerjemah Muhamad Abdul Ghoffar E.M =260 ##$$a Bandung :$b Bandung,$c 1996 =300 ##$$a 420 hlm. ; $c 21 x 15 cm. =650 #4$$a Islam - politik =700 #$$a Muhamad Abdul Ghoffar E.M =850 ##$$a NBPNMAT =084 ##$$a 2x6.2 HUW d =250 ##$$a cet. 1 =500 ##$$a Indeks. hlm415-420 =990 ##$$a 106.401/Pb-96 =990 ##$$a 00038793 =990 ##$$a 00038794 =990 ##$$a 00086607 =990 ##$$a 111.755/Pro-97 =990 ##$$a 106.401/Pb-96 =990 ##$$a 00038793 =990 ##$$a 00038794